| 000 | 00881nem a22002657a 4500 | ||
|---|---|---|---|
| 005 | 20200104041740.0 | ||
| 008 | 160428b2004 CK ||||| |a|| 00| 0 spa d | ||
| 040 |
_aCO-BoIAVH _cCO-BoIAVH |
||
| 041 | _aspa | ||
| 044 | _ack | ||
| 090 |
_aMC- _b0038 |
||
| 110 | 2 |
_aLaboratorio de SIG WWF Colombia _966608 |
|
| 245 | 1 |
_aManejo integrado de la cuenca del rió Orinoco _h[Material Cartografico] |
|
| 255 | _a1:1200000 | ||
| 260 |
_aBogotá _bLaboratorio de SIG WWF Colombia _c2004 |
||
| 300 |
_a1 mapa ; _bColor. _c1.35 X 75 cm |
||
| 650 | 6 |
_aGeografía _992259 |
|
| 650 | 6 |
_aHIdrografía _95361 |
|
| 650 | 6 |
_aReservas naturales _995566 |
|
| 650 | 6 |
_aCarreteras _970245 |
|
| 710 | 1 |
_aInstituto de Investigación de recursos biológicos Alexander Von Humboldt. _9204 |
|
| 710 | 1 |
_aInstituto Geográfico Agustín Codazzí. _970247 |
|
| 710 | 1 |
_aFudena _966615 |
|
| 942 |
_2z _cMapa |
||
| 999 |
_c18343 _d18343 |
||